000 01702cam a22004934i 4500
003 PE-LiUPU
005 20250731172940.0
008 150623s r 000 0 d
020 _a0310212987
035 _a(Sirsi) i9780310212980
040 _aPE-LiUPU
_bspa
_cPE-LiUPU
_erda
049 _aPRUA
082 0 4 _a236.9
_bT87
_221
245 0 0 _aThree views on the rapture :
_bpre-, mid-, or post-tribulation?.
264 1 _aMichigan :
_bZondervan Publishing House,
_c1996.
300 _a268 páginas ;
_c20 centímetros
336 _atext
_2rdacontent
337 _aunmediated
_2rdamedia
338 _avolume
_2rdacarrier
490 0 _aCounterpoints
504 _aIncluye bibliografia.
505 0 _aA history of the develoment of the rapture positions. - Thew case for the pretribulation rapture positions. - The case for the mid-seventiethweek rapture position. - The case for the posttribulation rapture position.
526 _aSEG42
526 _aSEG41
526 _aSEG40
526 _aSEG39
526 _aP94
526 _aP87
526 _aP86
526 _aP85
526 _aP77
526 _aP76
526 _aP35
650 0 4 _aESCATOLOGIA (Rapto).
650 0 4 _aESCATOLOGIA.
_95923
650 0 4 _aPROFECIA.
700 1 _aChapman, Ben,
_eed.
942 _2ddc
_cBOOK
949 _a236.9 T87
_wDEWEY
_c1
_i44531
_lCCODEBUL1
_mBUL
_r0
_sY
_tBOOK
_u2015-6-24
_xTEOLOGIA
_PP35
_0COMPRA
_o.STAFF. Colección General
994 _aC0
_bPEPRU
596 _a1
999 _a236.9 T87
_wDEWEY
_c21414
_i44531
_f2021-11-11
_g5
_lCCODEBUL1
_mBUL
_r0
_sY
_tBOOK
_u2015-6-24
_xTEOLOGIA
_PP35
_0COMPRA
_o.STAFF. Colección General
_d21414
980 _81
_gALBERTO SANCHEZ Responsable de Automatización